01736nam a22003137a 4500003000400000005001700004008004100021040002200062082001500084110002800099245001400127260006200141300001800203366000800221490002300229505043800252505017900690505012400869505001500993650004101008650004401049650004701093650004801140650004701188650004701235650004601282650004901328651004501377OSt20230525103020.0221006b |||||||| |||| 00| 0 eng d cBiblioteca Lado V a700bG599h aGoethe-InstituteEditor aHumboldt/ bSDV Saarbrucker Druckerei und Verlag GmbHc2002aAlemania c21x28cma80p. espa a136v44x0018-7615 aIniciando caminos por la vidagNunca antes hubo tanta juventud El regreso de la inmortalidad El bebe perfecto Primero andar, después montar en bicicleta Hijas y ahijadas de Garcia Marquez El hijo desaparecido Estos niños buscan a sus padres Un mundo para Julius Una infancia en Argentina Recuerdos de los años adolescentes en Brasil El kitsch cuasi-religioso de los pokemons Los hombre jóvenes quieren ser héroes aNotasgTeatro total Escriba que esto es muy bonito Culture first Por el oido entramos La colifata Juicio final brasileño en una prision alemana Imagenes engañosas?  aMiscelaneagpaginas inéditas de Jorge Luis Mostrar las ventajas Rostros El cuerpo como metáfora de la sociedad  aNoticiario 2Tesauro de Arte & ArquitecturaaARTE 2Tesauro de Arte & ArquitecturaaPINTURA 2Tesauro de Arte & ArquitecturaaFOTOGRAFIA 2Tesauro de Arte & ArquitecturaaENTREVISTAS 2Tesauro de Arte & ArquitecturaaMISCELANEA 2Tesauro de Arte & ArquitecturaaREPORTAJES 2Tesauro de Arte & ArquitecturaaESPAÑOL 2Tesauro de Arte & ArquitecturaaARTE EUROPEO 2Tesauro de Arte & ArquitecturaaALEMANIA